ロード中...

Progress in Reproductive Biology Vol 2

書誌詳細
第一著者: Jerald Bain
フォーマット: Printed Book
言語:Undetermined
出版事項: London 1978
S Karger
主題:
LEADER 00584nam a2200217Ia 4500
008 141122s9999 xx 000 0 und d
040 |c . 
041 |a English 
082 |a 612.6 
082 |b HUB/PR 
100 |a Jerald Bain 
245 |a Progress in Reproductive Biology Vol 2 
245 |c Jerald Bain 
260 |b London 
260 |b S Karger 
260 |c 1978 
500 |a closed 
650 |a Reproduction 
942 |c BK 
999 |c 20309  |d 20309 
952 |0 0  |1 0  |4 0  |6 612_600000000000000_HUBPR  |7 0  |9 19971  |a COVAS  |b COVAS  |d 0000-00-00  |o 612.6 HUB/PR  |p 13736  |r 2014-11-26  |w 2014-11-26  |y BK